[Event "FRA-chT4 1011"]
[Site "Champagne Ardennes"]
[Date "2011.01.16"]
[Round "?"]
[White "Gasior, Jerome"]
[Black "Leghbali, Sophiane"]
[Result "1-0"]
[WhiteElo "2154"]
[BlackElo "1912"]
[PlyCount "59"]
[EventDate "2010.10.10"]
[EventType "team-tourn"]
[EventRounds "7"]
[EventCountry "FRA"]
[SourceTitle "EXT 2024"]
[Source "ChessBase"]
[SourceDate "2023.10.10"]
[SourceVersion "1"]
[SourceVersionDate "2023.10.10"]
[SourceQuality "1"]

1. d4 Nf6 2. c4 g6 3. Nc3 Bg7 4. e4 d6 5. Nf3 0-0 6. Be2 e5 7. 0-0 Nc6 8. d5 Ne7 9. b4 Ne8 10. c5 f5 11. Ng5 Nf6 12. f3 h6 13. Ne6 Bxe6 14. dxe6 d5 15. Qb3 c6 16. exd5 Nfxd5 17. Rd1 Qe8 18. Bb2 Rd8 19. Bc4 Ne3 20. Rd7 Nxc4 21. Qxc4 Rxd7 22. exd7+ Qf7 23. Qd3 Nd5 24. Nxd5 Qxd5 25. Qxd5+ cxd5 26. b5 Kf7 27. c6 Ke6 28. Re1 bxc6 29. bxc6 Kd6 30. Ba3+ 1-0

[Event "FRA-chT4 1011"]
[Site "Champagne Ardennes"]
[Date "2010.11.14"]
[Round "2"]
[White "Lassalle, Arnaud"]
[Black "Gasior, Jerome"]
[Result "1/2-1/2"]
[WhiteElo "2050"]
[BlackElo "2154"]
[PlyCount "99"]
[EventDate "2010.10.10"]
[EventType "team-tourn"]
[EventRounds "7"]
[EventCountry "FRA"]
[SourceTitle "EXT 2024"]
[Source "ChessBase"]
[SourceDate "2023.10.10"]
[SourceVersion "1"]
[SourceVersionDate "2023.10.10"]
[SourceQuality "1"]

1. e4 c5 2. Nf3 d6 3. d4 cxd4 4. Nxd4 Nf6 5. Nc3 g6 6. Be3 Bg7 7. f3 0-0 8. Bc4 Nc6 9. Qd2 Bd7 10. 0-0-0 Rc8 11. Bb3 Ne5 12. h4 Qa5 13. Kb1 Rxc3 14. Qxc3 Qxc3 15. bxc3 Rc8 16. Ne2 a5 17. a3 a4 18. Ba2 Bb5 19. Nd4 Ba6 20. Ne6 Bh8 21. Nf4 Nc4 22. Bxc4 Rxc4 23. e5 Ne8 24. Nd5 e6 25. exd6 Nxd6 26. Ne7+ Kf8 27. Rxd6 Kxe7 28. Rhd1 Bb5 29. Bg5+ f6 30. Be3 Rxc3 31. Bb6 Bc6 32. Ba5 Rc4 33. Rd8 Bg7 34. Bb4+ Kf7 35. R1d4 Rxd4 36. Rxd4 f5 37. Rd3 Bf6 38. g3 f4 39. Be1 Bb5 40. Rd1 Ke7 41. gxf4 Ke8 42. Bf2 Bc4 43. h5 Bd5 44. hxg6 hxg6 45. Rd3 b5 46. Bc5 Bd8 47. Bd6 Bb6 48. Be5 Bc5 49. Bd4 Bf8 50. Bb2 1/2-1/2

[Event "Cappelle op 24th"]
[Site "Cappelle la Grande"]
[Date "2008.02.19"]
[Round "5"]
[White "Van Oosterom, Chiel"]
[Black "Gasior, Jerome"]
[Result "1-0"]
[WhiteElo "2408"]
[BlackElo "2123"]
[PlyCount "97"]
[EventDate "2008.02.16"]
[EventType "swiss"]
[EventRounds "9"]
[EventCountry "FRA"]
[SourceTitle "CBM 122 Extra"]
[Source "ChessBase"]
[SourceDate "2008.03.04"]
[SourceVersion "1"]
[SourceVersionDate "2008.03.04"]
[SourceQuality "1"]

1. e4 c5 2. c3 Nf6 3. e5 Nd5 4. Nf3 e6 5. d4 cxd4 6. cxd4 b6 7. Bd3 Bb4+ 8. Bd2 Bxd2+ 9. Qxd2 Ba6 10. Be4 Nc6 11. Bxd5 exd5 12. Nc3 Nb4 13. a3 Nd3+ 14. Kd1 0-0 15. Ne1 Nxe1 16. Rxe1 d6 17. Qf4 dxe5 18. Rxe5 Qc7 19. Kd2 f6 20. Re4 Qc4 21. Re3 g5 22. Qg4 Bc8 23. Qf3 Qxd4+ 24. Rd3 Qg4 25. Qxg4 Bxg4 26. Nxd5 Kg7 27. Rc1 Rad8 28. Rc7+ Rf7 29. Rxf7+ Kxf7 30. Ne3 Rxd3+ 31. Kxd3 Be6 32. Kd4 Ke7 33. Nd5+ Kf7 34. Nb4 Ke8 35. Nd5 Kf7 36. Nc3 Ke7 37. Nb5 a6 38. Nc7 Bc8 39. Nd5+ Ke6 40. Nxb6 Bb7 41. g3 h5 42. Nc4 h4 43. gxh4 gxh4 44. f4 Bf3 45. Ne3 Be2 46. Kc5 Bd3 47. a4 Be4 48. b4 Bb7 49. Kb6 1-0

[Event "La Fere op 6th"]
[Site "La Fere"]
[Date "2007.07.08"]
[Round "2"]
[White "Gasior, Jerome"]
[Black "Riff, Jean Noel"]
[Result "1-0"]
[WhiteElo "2096"]
[BlackElo "2460"]
[PlyCount "51"]
[EventDate "2007.07.07"]
[EventType "swiss"]
[EventRounds "9"]
[EventCountry "FRA"]
[SourceTitle "CBM 119 Extra"]
[Source "ChessBase"]
[SourceDate "2007.09.04"]
[SourceVersion "1"]
[SourceVersionDate "2007.09.04"]
[SourceQuality "1"]

1. e4 c5 2. Nf3 d6 3. d4 Nf6 4. Nc3 cxd4 5. Nxd4 e6 6. Bc4 Be7 7. Bb3 Na6 8. f4 Nc5 9. f5 exf5 10. exf5 Nxb3 11. axb3 d5 12. Qd3 0-0 13. 0-0 Re8 14. Kh1 a6 15. Bf4 Bd7 16. Rad1 Qb6 17. Be5 Qc5 18. b4 Qxb4 19. Bxf6 Bxf6 20. Nxd5 Qd6 21. c4 Rad8 22. Qf3 b5 23. Ne6 Rxe6 24. fxe6 Qxe6 25. Nxf6+ gxf6 26. Qg3+ 1-0

[Event "Brno op"]
[Site "Brno"]
[Date "2005.07.06"]
[Round "5"]
[White "Gasior, Jerome"]
[Black "Dirgas, Josef"]
[Result "1-0"]
[WhiteElo "2167"]
[BlackElo "2071"]
[PlyCount "37"]
[EventDate "2005.07.02"]
[EventType "swiss"]
[EventRounds "7"]
[EventCountry "CZE"]
[SourceTitle "EXT 2006"]
[Source "ChessBase"]
[SourceDate "2005.11.24"]
[SourceVersion "1"]
[SourceVersionDate "2005.11.24"]
[SourceQuality "1"]

1. e4 e5 2. f4 exf4 3. Bc4 Nf6 4. Nc3 c6 5. Qf3 d6 6. d4 Be6 7. Bxe6 fxe6 8. Bxf4 d5 9. Qh3 dxe4 10. Qxe6+ Be7 11. Nh3 Qd7 12. Ng5 Qxe6 13. Nxe6 Na6 14. Nxg7+ Kf7 15. Nf5 Nb4 16. 0-0 Nxc2 17. Rac1 Nb4 18. Nxe7 Kxe7 19. Bg5 1-0

[Event "Champagne-chT"]
[Site "Ardennes"]
[Date "2005.05.05"]
[Round "8"]
[White "Gasior, Jerome"]
[Black "Belloy, Julien"]
[Result "0-1"]
[WhiteElo "2167"]
[BlackElo "1959"]
[PlyCount "89"]
[EventDate "2005.05.05"]
[EventType "team"]
[EventRounds "8"]
[EventCountry "FRA"]
[SourceTitle "EXT 2007"]
[Source "ChessBase"]
[SourceDate "2006.11.23"]
[SourceVersion "1"]
[SourceVersionDate "2006.11.23"]
[SourceQuality "1"]

1. e4 c5 2. Nf3 Nc6 3. d4 cxd4 4. Nxd4 Nf6 5. Nc3 e5 6. Ndb5 d6 7. Bg5 a6 8. Na3 b5 9. Nd5 Qa5+ 10. Bd2 Qd8 11. c4 Nxe4 12. cxb5 Be6 13. Bc4 Ne7 14. Be3 Rc8 15. Bb6 Qd7 16. bxa6 Rxc4 17. a7 Bxd5 18. Qxd5 Nxd5 19. a8Q+ Qc8 20. Qxd5 Rc1+ 21. Ke2 Qg4+ 22. Kd3 Nc5+ 23. Bxc5 Rxc5 24. Qe4 Qc8 25. Qa4+ Ke7 26. Rhd1 g6 27. Ke2 Bh6 28. Qh4+ Ke6 29. Qxh6 Qa6+ 30. Ke1 Qb7 31. Qh3+ Ke7 32. Kf1 Rhc8 33. Qb3 Qa6+ 34. Qd3 Qb6 35. g3 R8c6 36. Qd2 Qc7 37. Kg1 f5 38. Nb1 Rc2 39. Qg5+ Ke6 40. Nc3 Qb6 41. Qe3 Qxb2 42. Nd5 Qb7 43. Qg5 Qf7 44. Rab1 R6c5 45. Rb7 0-1

[Event "Champagne-chT"]
[Site "Ardennes"]
[Date "2005.05.05"]
[Round "3"]
[White "Gasior, Jerome"]
[Black "Okhotnik, Vladimir"]
[Result "0-1"]
[WhiteElo "2167"]
[BlackElo "2417"]
[PlyCount "40"]
[EventDate "2005.05.05"]
[EventType "team"]
[EventRounds "8"]
[EventCountry "FRA"]
[SourceTitle "EXT 2007"]
[Source "ChessBase"]
[SourceDate "2006.11.23"]
[SourceVersion "1"]
[SourceVersionDate "2006.11.23"]
[SourceQuality "1"]

1. e4 e5 2. f4 c6 3. d4 exd4 4. Qxd4 d5 5. e5 Nh6 6. Nf3 Na6 7. Bxa6 Qa5+ 8. Nc3 Qxa6 9. Qf2 Qb6 10. Qxb6 axb6 11. h3 g6 12. g4 Ng8 13. Be3 h5 14. Kf2 b5 15. Nh2 b4 16. Ne2 c5 17. f5 d4 18. Bg5 gxf5 19. Nf4 Be6 20. Nf3 Be7 0-1

[Event "Champagne-chT"]
[Site "Ardennes"]
[Date "2005.05.05"]
[Round "6"]
[White "Gasior, Jerome"]
[Black "Poisseroux, Benoit"]
[Result "0-1"]
[WhiteElo "2167"]
[BlackElo "1890"]
[PlyCount "92"]
[EventDate "2005.05.05"]
[EventType "team"]
[EventRounds "8"]
[EventCountry "FRA"]
[SourceTitle "EXT 2007"]
[Source "ChessBase"]
[SourceDate "2006.11.23"]
[SourceVersion "1"]
[SourceVersionDate "2006.11.23"]
[SourceQuality "1"]

1. e4 c5 2. Nf3 Nc6 3. d4 cxd4 4. Nxd4 e5 5. Nb5 d6 6. g3 a6 7. N5c3 Nf6 8. Bg5 Be7 9. Bxf6 gxf6 10. Bg2 f5 11. Nd5 Be6 12. exf5 Bxf5 13. 0-0 0-0 14. a4 Be6 15. Na3 Rc8 16. Nc4 Nb4 17. Nxb4 Rxc4 18. c3 a5 19. Nd5 Rc8 20. Ra3 Rb8 21. Rb3 Qe8 22. Rb6 Bxd5 23. Bxd5 Qd7 24. Qh5 Bd8 25. Rb3 Qxa4 26. Qf5 Kg7 27. Ra3 Qe8 28. c4 f6 29. Be4 Qg6 30. Qd7+ Qf7 31. Qh3 f5 32. Rf3 Qxc4 33. Bxf5 Rh8 34. Bd3 Qc8 35. Qh5 Qe6 36. Bf5 Qh6 37. Qg4+ Qg5 38. Qc4 Rf8 39. h4 Qe7 40. Qg4+ Kh8 41. Qh5 Rf7 42. Rd1 Bc7 43. g4 Rbf8 44. Qh6 Rf6 45. Qh5 Qf7 46. Bg6 Qxg6 0-1

[Event "Nice op 11th"]
[Site "Nice"]
[Date "2004.08.02"]
[Round "1"]
[White "Gasior, Jerome"]
[Black "Dunis, Aurelien"]
[Result "0-1"]
[WhiteElo "2178"]
[BlackElo "2443"]
[PlyCount "50"]
[EventDate "2004.08.02"]
[EventType "swiss"]
[EventRounds "7"]
[EventCountry "FRA"]
[SourceTitle "CBM 101 Extra"]
[Source "ChessBase"]
[SourceDate "2004.09.01"]
[SourceVersion "2"]
[SourceVersionDate "2004.09.01"]
[SourceQuality "1"]

1. e4 c5 2. Nf3 d6 3. d4 cxd4 4. Nxd4 Nf6 5. Nc3 a6 6. Bc4 e6 7. Bb3 b5 8. Qf3 Bb7 9. a3 Nbd7 10. 0-0 Nc5 11. Re1 Be7 12. Ba2 0-0 13. b4 Ncd7 14. a4 bxa4 15. Qg3 g6 16. Bg5 Rc8 17. Re3 Rxc3 18. Rxc3 Nxe4 19. Bxe7 Qxe7 20. Qd3 Ne5 21. Qh3 Qf6 22. Re3 Qxf2+ 23. Kh1 Qd2 24. Rxe4 Bxe4 25. Nxe6 Bf5 0-1

[Event "Le Touquet op 16th"]
[Site "Le Touquet"]
[Date "2001.10.31"]
[Round "7"]
[White "Gaillard, Bruno"]
[Black "Gasior, Jerome"]
[Result "0-1"]
[WhiteElo "1950"]
[BlackElo "2166"]
[PlyCount "80"]
[EventDate "2001.10.27"]
[EventType "swiss"]
[EventRounds "9"]
[EventCountry "FRA"]
[SourceTitle "EXT 2002"]
[Source "ChessBase"]
[SourceDate "2001.11.25"]
[SourceVersion "1"]
[SourceVersionDate "2001.11.25"]
[SourceQuality "1"]

1. e4 c5 2. Nf3 d6 3. Bb5+ Nd7 4. Nc3 Ngf6 5. d4 cxd4 6. Qxd4 g6 7. e5 dxe5 8. Nxe5 Bg7 9. Nxd7 Bxd7 10. Bxd7+ Qxd7 11. Qxd7+ Nxd7 12. Bd2 0-0 13. 0-0-0 Nb6 14. Be3 Bxc3 15. bxc3 Rfd8 16. Bxb6 axb6 17. Kb2 Kf8 18. Rd3 e5 19. Re1 f6 20. Re4 Ke7 21. f4 Ra5 22. fxe5 Rxe5 23. Red4 Rxd4 24. cxd4 Re2 25. Rb3 Rxg2 26. Rxb6 Rxh2 27. Rxb7+ Kd6 28. a4 Kc6 29. Rb4 Rh5 30. c4 Ra5 31. Kb3 f5 32. Rb8 f4 33. Rc8+ Kb7 34. Re8 Rf5 35. Re7+ Kc8 36. Re1 f3 37. d5 f2 38. Rf1 g5 39. a5 g4 40. a6 g3 0-1

[Event "Brno Duras BVK op-A"]
[Site "Brno"]
[Date "2001.??.??"]
[Round "5"]
[White "Gasior, Jerome"]
[Black "Pospisil, Dusan"]
[Result "0-1"]
[WhiteElo "2120"]
[BlackElo "2210"]
[PlyCount "84"]
[EventDate "2001.??.??"]
[EventType "swiss"]
[EventRounds "9"]
[EventCountry "CZE"]
[SourceTitle "EXT 2003"]
[Source "ChessBase"]
[SourceDate "2002.11.25"]
[SourceVersion "1"]
[SourceVersionDate "2002.11.25"]
[SourceQuality "1"]

1. e4 c6 2. d4 d5 3. exd5 cxd5 4. c4 Nf6 5. Nc3 e6 6. Nf3 Be7 7. cxd5 Nxd5 8. Bd3 0-0 9. 0-0 Nc6 10. Re1 Nf6 11. a3 b6 12. Bc2 Bb7 13. Qd3 Re8 14. Bg5 g6 15. Rad1 Nd5 16. h4 Rc8 17. Ne4 Ncb4 18. axb4 Nxb4 19. Qb3 Nxc2 20. Re2 Bd5 21. Qd3 Nb4 22. Qe3 Bxe4 23. Qxe4 Qd5 24. Bxe7 Rxe7 25. Qf4 Qd8 26. d5 Nxd5 27. Qe5 Rec7 28. Ree1 Qf8 29. Nd4 Qg7 30. Qe2 Qf6 31. h5 Nf4 32. Qg4 Nxh5 33. f3 Qf4 34. Qh3 Qg3 35. Qh1 Nf4 36. Kf1 h5 37. Qg1 h4 38. Qf2 Qxf2+ 39. Kxf2 Rd7 40. Re4 g5 41. g3 hxg3+ 42. Kxg3 f5 0-1